[Event "AUT-chT2W 2223"]
[Site "Austria"]
[Date "2023.04.23"]
[Round "11.3"]
[White "Doric, Darko"]
[Black "Novkovic, Milan"]
[Result "1/2-1/2"]
[WhiteElo "2457"]
[BlackElo "2347"]
[PlyCount "63"]
[EventDate "2022.09.23"]
[EventType "team-tourn"]
[EventRounds "11"]
[EventCountry "AUT"]
[SourceTitle "EXT 2024"]
[Source "ChessBase"]
[SourceDate "2023.10.10"]
[SourceVersion "1"]
[SourceVersionDate "2023.10.10"]
[SourceQuality "1"]
[WhiteTeam "Absam"]
[BlackTeam "Dornbirn"]
[WhiteTeamCountry "AUT"]
[BlackTeamCountry "AUT"]

1. d4 d5 2. c4 c6 3. Nc3 Nf6 4. cxd5 cxd5 5. Bf4 Nc6 6. e3 a6 7. Bd3 Bg4 8. Nge2 e6 9. 0-0 Be7 10. Rc1 0-0 11. Na4 Nd7 12. f3 Bh5 13. Qd2 Bg6 14. Bg3 Bxd3 15. Qxd3 Qa5 16. Qd1 Rfc8 17. Be1 Qd8 18. Nf4 Na5 19. Nd3 Rxc1 20. Qxc1 Nc4 21. Rf2 b5 22. Nac5 Bxc5 23. Nxc5 Nxc5 24. dxc5 Ne5 25. Rc2 Nc6 26. Rd2 Qg5 27. Bf2 Rd8 28. Qd1 Qe7 29. Qc2 e5 30. a3 Qe6 31. h3 h6 32. Qd1 1/2-1/2

[Event "EU-ch 23rd"]
[Site "Vrnjacka Banja"]
[Date "2023.03.12"]
[Round "10"]
[White "Gkavardinas, Antonios"]
[Black "Novkovic, Milan"]
[Result "0-1"]
[WhiteElo "2121"]
[BlackElo "2356"]
[PlyCount "136"]
[EventDate "2023.03.03"]
[EventType "swiss"]
[EventRounds "11"]
[EventCountry "SRB"]
[SourceTitle "CBM 213"]
[Source "ChessBase"]
[SourceDate "2023.04.30"]
[SourceVersion "1"]
[SourceVersionDate "2023.04.30"]
[SourceQuality "1"]

1. e4 c5 2. Nf3 e6 3. b3 a6 4. Bb2 d5 5. exd5 exd5 6. d4 Nf6 7. Be2 Be7 8. 0-0 0-0 9. a4 Nc6 10. Na3 Be6 11. Re1 Rc8 12. Bd3 Bg4 13. dxc5 Bxc5 14. h3 Bh5 15. Bf5 Rc7 16. Qd3 Bxf3 17. Qxf3 Bd4 18. c3 Be5 19. Rad1 Qb8 20. Rd2 Re8 21. Rde2 Rce7 22. g3 Bd6 23. Rxe7 Rxe7 24. Rxe7 Bxe7 25. Kg2 Qe5 26. Nc2 Bc5 27. Ba1 Qd6 28. Qe2 Bb6 29. Nd4 Bxd4 30. cxd4 Qb4 31. Qe3 g6 32. Bc2 Nd7 33. Bc3 Qd6 34. h4 h5 35. Bd3 Nf8 36. Bc2 Ne6 37. f3 Qe7 38. Qd2 Qf6 39. b4 Ne7 40. b5 axb5 41. axb5 Nf5 42. Bxf5 Qxf5 43. f4 Qe4+ 44. Kh2 Ng7 45. Qe1 Qxe1 46. Bxe1 Nf5 47. Bc3 Nd6 48. b6 Nc4 49. Kg2 Nxb6 50. Kf3 Kg7 51. g4 f5 52. gxf5 Kf6 53. fxg6 Kxg6 54. Bb4 Nc8 55. Ba3 Kf5 56. Bf8 Na7 57. Bc5 Nc6 58. Bb6 Ne7 59. Bd8 Ng6 60. Bg5 b5 61. Ke3 Kg4 62. f5 Kxf5 63. Kd3 Kg4 64. Kc3 Nxh4 65. Bf6 Nf3 66. Kb4 Kf5 67. Be7 h4 68. Kc5 h3 0-1

[Event "EU-ch 23rd"]
[Site "Vrnjacka Banja"]
[Date "2023.03.09"]
[Round "7"]
[White "Novkovic, Milan"]
[Black "Tifferet, Shaked"]
[Result "0-1"]
[WhiteElo "2356"]
[BlackElo "2219"]
[PlyCount "26"]
[EventDate "2023.03.03"]
[EventType "swiss"]
[EventRounds "11"]
[EventCountry "SRB"]
[SourceTitle "CBM 213"]
[Source "ChessBase"]
[SourceDate "2023.04.30"]
[SourceVersion "1"]
[SourceVersionDate "2023.04.30"]
[SourceQuality "1"]

1. Nf3 d5 2. c4 d4 3. g3 Nc6 4. Bg2 e5 5. d3 Bb4+ 6. Bd2 a5 7. 0-0 Nf6 8. Na3 0-0 9. Nc2 Bc5 10. Bg5 h6 11. Bxf6 Qxf6 12. Nd2 Qg6 13. a3 Qh5 0-1

[Event "EU-ch 23rd"]
[Site "Vrnjacka Banja"]
[Date "2023.03.07"]
[Round "5"]
[White "Novkovic, Milan"]
[Black "Bjelanovic, Mile"]
[Result "1/2-1/2"]
[WhiteElo "2356"]
[BlackElo "2017"]
[PlyCount "87"]
[EventDate "2023.03.03"]
[EventType "swiss"]
[EventRounds "11"]
[EventCountry "SRB"]
[SourceTitle "CBM 213"]
[Source "ChessBase"]
[SourceDate "2023.04.30"]
[SourceVersion "1"]
[SourceVersionDate "2023.04.30"]
[SourceQuality "1"]

1. d4 Nf6 2. c4 d6 3. Nc3 Nbd7 4. e4 e5 5. Nf3 Be7 6. Be2 0-0 7. 0-0 Re8 8. Be3 Bf8 9. d5 a5 10. Nd2 Nc5 11. b3 g6 12. a3 b6 13. b4 Ncd7 14. Nb3 h5 15. f3 Kh7 16. Qd2 Ng8 17. bxa5 bxa5 18. a4 Bh6 19. Bxh6 Nxh6 20. Nb5 Nc5 21. Nxa5 Bd7 22. Qb4 Na6 23. Qc3 Nc5 24. Nb3 Nxa4 25. Qb4 Bxb5 26. cxb5 Nb6 27. Ra6 Qg5 28. Qc3 Rac8 29. Ra7 Re7 30. Qd2 Qh4 31. g3 Qf6 32. Na5 Rd7 33. Rf2 Ra8 34. Ra6 Rf8 35. Nc4 Nxc4 36. Bxc4 Qe7 37. Bd3 f5 38. exf5 Nxf5 39. Bxf5 Rxf5 40. Qd3 Qf7 41. Qe4 Qe8 42. Kg2 Rdf7 43. Rc6 R5f6 44. Qc4 1/2-1/2

[Event "EU-ch 23rd"]
[Site "Vrnjacka Banja"]
[Date "2023.03.03"]
[Round "1"]
[White "Novkovic, Milan"]
[Black "Moussard, Jules"]
[Result "0-1"]
[WhiteElo "2356"]
[BlackElo "2680"]
[PlyCount "74"]
[EventDate "2023.03.03"]
[EventType "swiss"]
[EventRounds "11"]
[EventCountry "SRB"]
[SourceTitle "CBM 213"]
[Source "ChessBase"]
[SourceDate "2023.04.30"]
[SourceVersion "1"]
[SourceVersionDate "2023.04.30"]
[SourceQuality "1"]

1. d4 Nf6 2. c4 g6 3. Nc3 Bg7 4. e4 d6 5. Nf3 0-0 6. Be2 e5 7. Be3 exd4 8. Nxd4 Re8 9. Qc2 c6 10. 0-0 Qe7 11. Rae1 Nxe4 12. Nxe4 Qxe4 13. Qd2 Qe7 14. Bf3 Qc7 15. Bf4 Be5 16. b4 Bd7 17. b5 a6 18. b6 Qxb6 19. Nb3 Qd8 20. Bxe5 dxe5 21. Qc3 Qe7 22. c5 Bc8 23. Be2 Nd7 24. Bc4 Nf6 25. f4 e4 26. h3 Bd7 27. Re3 Rad8 28. f5 gxf5 29. Rg3+ Kh8 30. Kh1 Qe5 31. Qxe5 Rxe5 32. Bxf7 Bc8 33. Kg1 Rf8 34. Bc4 Nd7 35. Rg5 Nxc5 36. g4 Nxb3 37. Bxb3 h6 0-1

[Event "AUT-chT2W 2223"]
[Site "Austria"]
[Date "2023.01.20"]
[Round "6.4"]
[White "Novkovic, Milan"]
[Black "Schlosser, Philipp"]
[Result "1-0"]
[WhiteElo "2347"]
[BlackElo "2505"]
[PlyCount "53"]
[EventDate "2022.09.23"]
[EventType "team-tourn"]
[EventRounds "11"]
[EventCountry "AUT"]
[SourceTitle "CBM 213 Extra"]
[Source "ChessBase"]
[SourceDate "2023.05.31"]
[SourceVersion "1"]
[SourceVersionDate "2023.05.31"]
[SourceQuality "1"]
[WhiteTeam "Dornbirn"]
[BlackTeam "Jenbach II"]
[WhiteTeamCountry "AUT"]
[BlackTeamCountry "AUT"]

1. d4 Nf6 2. c4 g6 3. Nc3 d5 4. cxd5 Nxd5 5. e4 Nxc3 6. bxc3 Bg7 7. Nf3 c5 8. Bb5+ Nd7 9. 0-0 0-0 10. h3 a6 11. Bd3 b5 12. Be3 Bb7 13. Rc1 Qa5 14. Qd2 Rfe8 15. Bh6 Bh8 16. d5 e6 17. dxe6 Rxe6 18. Bc4 bxc4 19. Qxd7 Qb5 20. Qd2 Bxe4 21. Ng5 Ree8 22. Qf4 Qb7 23. Rfe1 Bd3 24. Qd6 Qc8 25. Nxf7 Rxe1+ 26. Rxe1 Bxc3 27. Ng5 1-0

[Event "LTU-chT"]
[Site "Lithuania"]
[Date "2022.03.20"]
[Round "7.4"]
[White "Pidluznij, Gleb"]
[Black "Novkovic, Milan"]
[Result "1/2-1/2"]
[WhiteElo "1985"]
[BlackElo "2359"]
[PlyCount "47"]
[EventDate "2022.03.11"]
[EventType "team-swiss"]
[EventRounds "7"]
[EventCountry "LTU"]
[SourceTitle "CBM 207 Extra"]
[Source "ChessBase"]
[SourceDate "2022.05.31"]
[SourceVersion "1"]
[SourceVersionDate "2022.05.31"]
[SourceQuality "1"]
[WhiteTeam "Klaipeda Klaipedos"]
[BlackTeam "Vilnius Juoda Balta"]
[WhiteTeamCountry "LTU"]
[BlackTeamCountry "LTU"]

1. e4 c5 2. Nf3 e6 3. g3 b6 4. Bg2 Bb7 5. d3 Be7 6. 0-0 d6 7. Nbd2 Nd7 8. Re1 Qc7 9. Qe2 Ngf6 10. e5 dxe5 11. Nxe5 Nxe5 12. Qxe5 Qxe5 13. Rxe5 Bxg2 14. Kxg2 Nd5 15. Re2 h5 16. f4 Kd7 17. Nf3 Bf6 18. h3 Ne7 19. c3 Nc6 20. Be3 Rad8 21. Rd1 Kc7 22. Red2 Rd7 23. d4 cxd4 24. Bxd4 1/2-1/2

[Event "AUT-chT 1920"]
[Site "Austria"]
[Date "2020.01.11"]
[Round "7.6"]
[White "Neyman, Igor"]
[Black "Novkovic, Milan"]
[Result "1/2-1/2"]
[WhiteElo "2330"]
[BlackElo "2357"]
[PlyCount "64"]
[EventDate "2019.10.10"]
[EventType "team-tourn"]
[EventRounds "11"]
[EventCountry "AUT"]
[SourceTitle "CBM 194 Extra"]
[Source "ChessBase"]
[SourceDate "2020.03.31"]
[SourceVersion "1"]
[SourceVersionDate "2020.03.31"]
[SourceQuality "1"]
[WhiteTeam "Goetzis"]
[BlackTeam "Hohenems"]
[WhiteTeamCountry "AUT"]
[BlackTeamCountry "AUT"]

1. d4 Nf6 2. c4 e6 3. Nc3 Bb4 4. Nf3 c5 5. e3 0-0 6. Bd3 d5 7. 0-0 cxd4 8. exd4 dxc4 9. Bxc4 Nc6 10. a3 Be7 11. Re1 b6 12. Bg5 Bb7 13. Rc1 Rc8 14. Ba2 Nd5 15. Bd2 Bf6 16. Nxd5 exd5 17. Bf4 Na5 18. Bb1 Nc4 19. Re2 g6 20. Bd3 Re8 21. h3 Bg7 22. a4 Qf6 23. Bg5 Qd6 24. b3 Na5 25. Rxe8+ Rxe8 26. Bd2 Nc6 27. Be3 Rc8 28. Bb5 Na5 29. Rxc8+ Bxc8 30. Qc2 Bd7 31. Bxd7 Qxd7 32. Bd2 Nc6 1/2-1/2

[Event "AUT-chT 1920"]
[Site "Austria"]
[Date "2019.10.12"]
[Round "3.3"]
[White "Gstach, Jakob"]
[Black "Novkovic, Milan"]
[Result "1/2-1/2"]
[WhiteElo "2301"]
[BlackElo "2357"]
[PlyCount "73"]
[EventDate "2019.10.10"]
[EventType "team-tourn"]
[EventRounds "11"]
[EventCountry "AUT"]
[SourceTitle "EXT 2020"]
[Source "ChessBase"]
[SourceDate "2019.10.17"]
[SourceVersion "1"]
[SourceVersionDate "2019.10.17"]
[SourceQuality "1"]
[WhiteTeam "Wien Ottakring"]
[BlackTeam "Hohenems"]
[WhiteTeamCountry "AUT"]
[BlackTeamCountry "AUT"]

1. d4 Nf6 2. c4 e6 3. Nc3 d5 4. cxd5 exd5 5. Bg5 Be7 6. e3 c6 7. Bd3 Bg4 8. Nge2 Bh5 9. Qb3 Qb6 10. Qc2 Bg6 11. Nf4 Bxd3 12. Nxd3 Nbd7 13. 0-0 0-0 14. b4 Rfc8 15. Rfc1 Qd8 16. Bxf6 Nxf6 17. Qb3 a6 18. a4 Bd6 19. Rab1 Rab8 20. h3 h5 21. b5 a5 22. Rc2 Bc7 23. Rbc1 Qd6 24. Ne5 Nd7 25. Nxd7 Qxd7 26. Ne2 Bd6 27. Kh1 g6 28. Ng1 Kg7 29. Nf3 f6 30. Qd3 g5 31. bxc6 bxc6 32. Qa6 g4 33. Ng1 Ba3 34. Ra1 Bb4 35. Rac1 Ba3 36. Ra1 Bb4 37. Rac1 1/2-1/2

[Event "AUT-chT 1920"]
[Site "Austria"]
[Date "2019.10.11"]
[Round "2.4"]
[White "Novkovic, Milan"]
[Black "Amann, Harald"]
[Result "1-0"]
[WhiteElo "2357"]
[BlackElo "1940"]
[PlyCount "53"]
[EventDate "2019.10.10"]
[EventType "team-tourn"]
[EventRounds "11"]
[EventCountry "AUT"]
[SourceTitle "EXT 2020"]
[Source "ChessBase"]
[SourceDate "2019.10.17"]
[SourceVersion "1"]
[SourceVersionDate "2019.10.17"]
[SourceQuality "1"]
[WhiteTeam "Hohenems"]
[BlackTeam "Bregenz"]
[WhiteTeamCountry "AUT"]
[BlackTeamCountry "AUT"]

1. d4 Nf6 2. Nf3 g6 3. c4 Bg7 4. e3 0-0 5. Be2 e6 6. 0-0 d5 7. b4 a5 8. b5 c5 9. bxc6 bxc6 10. Ba3 Re8 11. Nbd2 a4 12. Rb1 Nfd7 13. Bd6 Qa5 14. c5 f6 15. e4 Na6 16. a3 Nc7 17. Rb4 e5 18. Re1 dxe4 19. Bc4+ Kh8 20. Nxe4 Nb5 21. Bxb5 cxb5 22. Nc3 Ba6 23. Nd5 Rac8 24. Ne7 Rxe7 25. Bxe7 Bb7 26. dxe5 Bxf3 27. Qxd7 1-0

[Event "AUT-chT2W 1819"]
[Site "Austria"]
[Date "2018.10.13"]
[Round "2.2"]
[White "Novkovic, Milan"]
[Black "Schnegg, Anna Lena"]
[Result "1-0"]
[WhiteElo "2359"]
[BlackElo "2184"]
[PlyCount "159"]
[EventDate "2018.10.12"]
[EventType "team-tourn"]
[EventRounds "11"]
[EventCountry "AUT"]
[SourceTitle "CBM 186 Extra"]
[Source "ChessBase"]
[SourceDate "2018.08.24"]
[SourceVersion "1"]
[SourceVersionDate "2018.08.24"]
[SourceQuality "1"]
[WhiteTeam "Hohenems II"]
[BlackTeam "Oberland"]
[WhiteTeamCountry "AUT"]
[BlackTeamCountry "AUT"]

1. d4 d6 2. Nf3 g6 3. c4 Bg7 4. Nc3 e6 5. e4 Ne7 6. Be2 0-0 7. 0-0 b6 8. Be3 Nd7 9. Qc2 e5 10. Rad1 Nc6 11. dxe5 Ndxe5 12. Nxe5 Nxe5 13. Qd2 Be6 14. b3 Ng4 15. Bd4 Bh6 16. f4 Qh4 17. Bxg4 Bxg4 18. Nd5 f5 19. Rde1 c6 20. Bb2 Rf7 21. Nb4 fxe4 22. Nxc6 Bd7 23. g3 Qh3 24. Qxd6 Bf8 25. Qd5 Bxc6 26. Qxc6 Rd8 27. Bc1 Bc5+ 28. Kh1 Re7 29. Qf6 Rf8 30. Qb2 e3 31. b4 e2 32. Rf3 Qg4 33. Kg2 Bd6 34. Rxe2 Bxb4 35. Rxe7 Bxe7 36. Qe2 Bf6 37. Re3 Qxe2+ 38. Rxe2 Rc8 39. Rc2 Bd4 40. Kf3 b5 41. Be3 Bxe3 42. Kxe3 bxc4 43. Kd4 Kf7 44. Rxc4 Rd8+ 45. Ke3 Rd7 46. Ra4 Ke6 47. Kf3 h5 48. Ke4 Re7 49. Ra6+ Kf7+ 50. Kf3 Rc7 51. Kg2 Kg7 52. Kh3 Kf7 53. a4 Kg7 54. a5 Rd7 55. Kh4 Rf7 56. h3 Kh6 57. Rc6 Kg7 58. a6 Kh6 59. Rd6 Kg7 60. Rd4 Kf6 61. g4 hxg4 62. hxg4 Rh7+ 63. Kg3 g5 64. f5 Ke5 65. Rd8 Rc7 66. Re8+ Kd4 67. Rg8 Rc3+ 68. Kg2 Rc2+ 69. Kf3 Rc3+ 70. Ke2 Rc2+ 71. Kd1 Ra2 72. Rxg5 Rxa6 73. Rg6 Ra2 74. f6 Rf2 75. g5 Ke5 76. Rg7 a5 77. f7 a4 78. g6 a3 79. Rg8 Ke6 80. f8Q 1-0

[Event "AUT-chT2W 1819"]
[Site "Austria"]
[Date "2018.10.12"]
[Round "1.3"]
[White "Sergeev, Vladimir"]
[Black "Novkovic, Milan"]
[Result "1/2-1/2"]
[WhiteElo "2412"]
[BlackElo "2359"]
[PlyCount "70"]
[EventDate "2018.10.12"]
[EventType "team-tourn"]
[EventRounds "11"]
[EventCountry "AUT"]
[SourceTitle "CBM 186 Extra"]
[Source "ChessBase"]
[SourceDate "2018.08.24"]
[SourceVersion "1"]
[SourceVersionDate "2018.08.24"]
[SourceQuality "1"]
[WhiteTeam "Bregenz"]
[BlackTeam "Hohenems II"]
[WhiteTeamCountry "AUT"]
[BlackTeamCountry "AUT"]

1. Nf3 d5 2. g3 Nf6 3. Bg2 e6 4. 0-0 Be7 5. d3 b6 6. Nbd2 Bb7 7. e4 dxe4 8. dxe4 0-0 9. e5 Nfd7 10. Re1 a5 11. h4 Nc5 12. b3 Nc6 13. a3 Nd4 14. Bb2 Nxf3+ 15. Nxf3 Qxd1 16. Raxd1 Rfd8 17. Nd4 Bxg2 18. Kxg2 Kf8 19. h5 Ke8 20. f4 Rd7 21. Nc6 Nb7 22. g4 Nd8 23. Nxe7 Rxd1 24. Rxd1 Kxe7 25. f5 exf5 26. gxf5 g6 27. hxg6 hxg6 28. Bc1 gxf5 29. Bg5+ Ke8 30. Rh1 Rc8 31. Rh8+ Kd7 32. Rf8 Ne6 33. Rxf7+ Kc6 34. Be3 Rf8 35. Rxf8 Nxf8 1/2-1/2

[Event "SUI-chT"]
[Site "Switzerland"]
[Date "2018.06.10"]
[Round "4.1"]
[White "Studer, Noel"]
[Black "Novkovic, Milan"]
[Result "1-0"]
[WhiteElo "2470"]
[BlackElo "2402"]
[PlyCount "71"]
[EventDate "2018.03.25"]
[EventType "team-tourn"]
[EventRounds "9"]
[EventCountry "SUI"]
[SourceTitle "EXT 2019"]
[Source "ChessBase"]
[SourceDate "2018.10.10"]
[SourceVersion "1"]
[SourceVersionDate "2018.10.10"]
[SourceQuality "1"]
[WhiteTeam "Luzern"]
[BlackTeam "St Gallen"]
[WhiteTeamCountry "SUI"]
[BlackTeamCountry "SUI"]

1. d4 Nf6 2. c4 g6 3. Nf3 Bg7 4. g3 0-0 5. Bg2 d6 6. 0-0 c6 7. Nc3 Qa5 8. e4 Bg4 9. h3 Bxf3 10. Bxf3 e5 11. d5 cxd5 12. cxd5 Nbd7 13. Be3 Rfc8 14. a3 Bf8 15. Qe2 a6 16. h4 h5 17. Rfc1 Kh7 18. Kg2 Qd8 19. Bg5 Bh6 20. Qe3 Bxg5 21. hxg5 Ng8 22. g4 h4 23. Rh1 Kg7 24. Rxh4 Qb6 25. Qd2 Rc4 26. Rah1 Rac8 27. Rh8 Qd4 28. Qe1 Rxc3 29. bxc3 Rxc3 30. R1h7+ Kf8 31. Qh1 Rxf3 32. Rxg8+ Ke7 33. Kxf3 Qd3+ 34. Kg2 Qxe4+ 35. f3 Qxd5 36. Rgg7 1-0

[Event "SUI-chT"]
[Site "Switzerland"]
[Date "2018.04.29"]
[Round "3.1"]
[White "Petrov, Nikita"]
[Black "Novkovic, Milan"]
[Result "1/2-1/2"]
[WhiteElo "2511"]
[BlackElo "2402"]
[PlyCount "74"]
[EventDate "2018.03.25"]
[EventType "team-tourn"]
[EventRounds "9"]
[EventCountry "SUI"]
[SourceTitle "EXT 2019"]
[Source "ChessBase"]
[SourceDate "2018.10.10"]
[SourceVersion "1"]
[SourceVersionDate "2018.10.10"]
[SourceQuality "1"]
[WhiteTeam "Geneve"]
[BlackTeam "St Gallen"]
[WhiteTeamCountry "SUI"]
[BlackTeamCountry "SUI"]

1. Nf3 d5 2. c4 e6 3. g3 c6 4. b3 a5 5. Bg2 a4 6. 0-0 axb3 7. Qxb3 Nf6 8. d4 Nbd7 9. Nc3 Be7 10. Re1 0-0 11. e4 Nxe4 12. Nxe4 dxe4 13. Rxe4 Bf6 14. Bb2 e5 15. Rae1 exd4 16. Bxd4 Bxd4 17. Rxd4 Qa5 18. Qe3 Nf6 19. h3 Be6 20. Rb1 Ra7 21. Qd2 c5 22. Qxa5 Rxa5 23. Rf4 Rxa2 24. Rxb7 Rc2 25. Rc7 Rc8 26. Rxc8+ Bxc8 27. Ne5 Be6 28. g4 h6 29. Bf1 Rc3 30. Kh2 Kf8 31. Rf3 Rxf3 32. Nxf3 Ne4 33. Kg2 f5 34. gxf5 Bxf5 35. Ne5 Ke7 36. h4 g5 37. hxg5 hxg5 1/2-1/2

[Event "AUT-chT2W 1718"]
[Site "Austria"]
[Date "2018.03.09"]
[Round "9.1"]
[White "Novkovic, Milan"]
[Black "Gatterer, Florian"]
[Result "1/2-1/2"]
[WhiteElo "2362"]
[BlackElo "2271"]
[PlyCount "77"]
[EventDate "2017.10.13"]
[EventType "team-tourn"]
[EventRounds "11"]
[EventCountry "AUT"]
[SourceTitle "EXT 2019"]
[Source "ChessBase"]
[SourceDate "2018.10.10"]
[SourceVersion "1"]
[SourceVersionDate "2018.10.10"]
[SourceQuality "1"]
[WhiteTeam "Dornbirn"]
[BlackTeam "Rochade Rum"]
[WhiteTeamCountry "AUT"]
[BlackTeamCountry "AUT"]

1. e4 c5 2. Nf3 g6 3. d4 cxd4 4. Nxd4 Nc6 5. c4 Nf6 6. Nc3 d6 7. Be2 Nxd4 8. Qxd4 Bg7 9. Bg5 0-0 10. Qd2 a5 11. 0-0 a4 12. Rab1 Be6 13. f3 Qa5 14. Nd5 Qxd2 15. Bxd2 Nxd5 16. cxd5 Bd4+ 17. Kh1 Bd7 18. Rfc1 Rfc8 19. Bd3 Kf8 20. Bc3 Bxc3 21. bxc3 b5 22. Bxb5 Bxb5 23. Rxb5 Rab8 24. Rxb8 Rxb8 25. h4 a3 26. c4 Rb2 27. c5 dxc5 28. Rxc5 h5 29. Ra5 Rxa2 30. Ra7 f6 31. Kh2 Ra1 32. Kh3 Ke8 33. Kg3 Kf8 34. Kf4 a2 35. Kg3 Kg8 36. Ra8+ Kf7 37. Ra7 Kg8 38. Ra8+ Kf7 39. Ra7 1/2-1/2

[Event "AUT-chT2W 1718"]
[Site "Austria"]
[Date "2018.01.14"]
[Round "8.1"]
[White "Novkovic, Milan"]
[Black "Doskocil, Klaus"]
[Result "1/2-1/2"]
[WhiteElo "2362"]
[BlackElo "2239"]
[PlyCount "96"]
[EventDate "2017.10.13"]
[EventType "team-tourn"]
[EventRounds "11"]
[EventCountry "AUT"]
[SourceTitle "EXT 2019"]
[Source "ChessBase"]
[SourceDate "2018.10.10"]
[SourceVersion "1"]
[SourceVersionDate "2018.10.10"]
[SourceQuality "1"]
[WhiteTeam "Dornbirn"]
[BlackTeam "Pradl"]
[WhiteTeamCountry "AUT"]
[BlackTeamCountry "AUT"]

1. d4 Nf6 2. c4 e6 3. Nf3 Bb4+ 4. Bd2 Be7 5. Nc3 d5 6. Bg5 Nbd7 7. e3 0-0 8. Rc1 b6 9. cxd5 exd5 10. Qa4 Bb7 11. Ba6 Bxa6 12. Qxa6 c5 13. 0-0 h6 14. Bh4 Qc8 15. Qxc8 Raxc8 16. dxc5 bxc5 17. Bxf6 Nxf6 18. Rfd1 Rfd8 19. Kf1 Rb8 20. Rc2 Rb6 21. Rcd2 Rbd6 22. Ng1 Kf8 23. Nge2 g6 24. Nf4 d4 25. exd4 Rxd4 26. Rxd4 cxd4 27. Nce2 Bc5 28. Nd3 Bb6 29. Rc1 Ne4 30. b4 Rd6 31. a4 Bd8 32. Ke1 Bf6 33. Rc8+ Ke7 34. Rc7+ Rd7 35. Rxd7+ Kxd7 36. Kd1 Kc6 37. Kc2 Kd5 38. Kb3 Nd2+ 39. Kc2 Ne4 40. f3 Nd6 41. Kb3 g5 42. b5 Nc4 43. Nb4+ Kc5 44. Na6+ Kd5 45. Nc7+ Kc5 46. Na6+ Kd5 47. Nb4+ Kc5 48. Nd3+ Kd5 1/2-1/2

[Event "AUT-chT2W 1617"]
[Site "Austria"]
[Date "2017.03.05"]
[Round "11.3"]
[White "Neuschmied, Siegfried"]
[Black "Novkovic, Milan"]
[Result "1/2-1/2"]
[WhiteElo "2153"]
[BlackElo "2375"]
[PlyCount "109"]
[EventDate "2016.10.28"]
[EventType "team-tourn"]
[EventRounds "11"]
[EventCountry "AUT"]
[SourceTitle "CBM 177 Extra"]
[Source "ChessBase"]
[SourceDate "2017.04.27"]
[SourceVersion "1"]
[SourceVersionDate "2017.04.27"]
[SourceQuality "1"]
[WhiteTeam "Kufstein/Woergl"]
[BlackTeam "Dornbirn"]
[WhiteTeamCountry "AUT"]
[BlackTeamCountry "AUT"]

1. e4 c5 2. Nf3 e6 3. d4 cxd4 4. Nxd4 Nf6 5. Bd3 Nc6 6. Nxc6 dxc6 7. 0-0 e5 8. Bg5 h6 9. Bh4 Bc5 10. Nd2 Qe7 11. Kh1 g5 12. Bg3 Kf8 13. Nc4 Nd7 14. Qe2 Kg7 15. c3 a5 16. a4 f6 17. f3 Nf8 18. Bf2 Ne6 19. Bxc5 Qxc5 20. Qe3 Rd8 21. Rfd1 Qxe3 22. Nxe3 Nc5 23. Bc4 Rxd1+ 24. Nxd1 Kf8 25. Ne3 Ke7 26. Kg1 h5 27. Kf1 Bd7 28. Ke2 h4 29. Ra3 Kd6 30. Ra1 Kc7 31. Bf7 Rf8 32. Bc4 Rd8 33. Kf2 Bc8 34. Ke2 Ne6 35. Bxe6 Bxe6 36. Ra3 Kb6 37. Ra1 Kc5 38. Rd1 Rxd1 39. Kxd1 Bb3+ 40. Kd2 Kd6 41. Kd3 Bxa4 42. Nc4+ Kc7 43. Nxa5 b6 44. Nc4 Bb5 45. b3 Kd7 46. Kc2 Bxc4 47. bxc4 Kd6 48. Kb2 Kc5 49. Kb3 b5 50. cxb5 Kxb5 51. c4+ Ka5 52. Ka3 c5 53. Kb3 Kb6 54. Ka4 Ka6 55. Kb3 1/2-1/2

[Event "AUT-chT2W 1617"]
[Site "Austria"]
[Date "2016.11.26"]
[Round "5.1"]
[White "Gatterer, Florian"]
[Black "Novkovic, Milan"]
[Result "1/2-1/2"]
[WhiteElo "2281"]
[BlackElo "2375"]
[PlyCount "163"]
[EventDate "2016.10.28"]
[EventType "team-tourn"]
[EventRounds "11"]
[EventCountry "AUT"]
[SourceTitle "CBM 177 Extra"]
[Source "ChessBase"]
[SourceDate "2017.04.27"]
[SourceVersion "1"]
[SourceVersionDate "2017.04.27"]
[SourceQuality "1"]
[WhiteTeam "Rochade Rum"]
[BlackTeam "Dornbirn"]
[WhiteTeamCountry "AUT"]
[BlackTeamCountry "AUT"]

1. c4 e6 2. Nf3 Nf6 3. Nc3 c5 4. g3 b6 5. Bg2 Bb7 6. 0-0 Be7 7. Re1 d6 8. e4 a6 9. d4 cxd4 10. Nxd4 Qc7 11. Be3 Nbd7 12. f4 Rc8 13. Rc1 0-0 14. g4 Nc5 15. Bf2 g6 16. f5 e5 17. Nb3 h6 18. Nxc5 bxc5 19. Bf3 Nh7 20. Rc2 Bg5 21. Qe2 Rb8 22. Rd1 Rfd8 23. Be3 Qe7 24. Rcd2 Bxe3+ 25. Qxe3 Kg7 26. Rd3 Ba8 27. b3 g5 28. Qd2 Rb6 29. Na4 Rc6 30. Kg2 Nf6 31. h3 Ne8 32. Nc3 Rc7 33. Kg3 Bc6 34. Bg2 Rb7 35. Rf1 Nf6 36. Rh1 Nh7 37. Rf3 Qf6 38. Rd1 Rbd7 39. Rd3 Qe7 40. Rf1 Nf6 41. Bh1 Rg8 42. Kh2 Rb8 43. Rg3 Kh7 44. Rd1 Ne8 45. Rd3 Kg7 46. Rg1 Nf6 47. Rd1 Rbd8 48. Rf1 Kf8 49. Rg3 Ke8 50. Rgg1 Qf8 51. Bf3 Ke7 52. Kg3 Qg7 53. Rh1 Rb8 54. Rb1 Qg8 55. Rhd1 Rb6 56. Rh1 Rd8 57. Kf2 Qh8 58. Ke3 Rdb8 59. Qc2 Rg8 60. Ke2 Qg7 61. Qd2 Qf8 62. Rhd1 Qb8 63. Qc2 Rh8 64. Rh1 Qa8 65. Ke3 Rbb8 66. Rbd1 Rbg8 67. Qd2 Qb8 68. Kf2 Qc7 69. Kg3 Kd7 70. Rhg1 Qb8 71. Qc2 Qf8 72. Rb1 h5 73. Rh1 hxg4 74. hxg4 Rh4 75. Rbd1 Rgh8 76. Qd2 Rxh1 77. Bxh1 Kc7 78. Bf3 Qe7 79. Rh1 Rxh1 80. Bxh1 Nd7 81. Bf3 Qd8 82. Qh2 1/2-1/2

[Event "AUT-chT2W 1617"]
[Site "Austria"]
[Date "2016.11.25"]
[Round "4.1"]
[White "Novkovic, Milan"]
[Black "Votava, Jan"]
[Result "1/2-1/2"]
[WhiteElo "2375"]
[BlackElo "2522"]
[PlyCount "48"]
[EventDate "2016.10.28"]
[EventType "team-tourn"]
[EventRounds "11"]
[EventCountry "AUT"]
[SourceTitle "EXT 2018"]
[Source "ChessBase"]
[SourceDate "2017.10.13"]
[SourceVersion "1"]
[SourceVersionDate "2017.10.13"]
[SourceQuality "1"]
[WhiteTeam "Dornbirn"]
[BlackTeam "Zillertal"]
[WhiteTeamCountry "AUT"]
[BlackTeamCountry "AUT"]

1. d4 Nf6 2. Nf3 g6 3. Nbd2 d5 4. e3 Bg7 5. b4 0-0 6. c4 c6 7. Bb2 a5 8. b5 cxb5 9. cxb5 a4 10. Be2 Nbd7 11. 0-0 Nb6 12. Ba3 Re8 13. Rc1 Bf5 14. h3 Nc8 15. Nh4 Bd7 16. Qc2 Nd6 17. Bxd6 exd6 18. Qc7 Qe7 19. Nhf3 b6 20. Qxb6 Reb8 21. Qc7 Rc8 22. Qb7 Rcb8 23. Qc7 Rc8 24. Qb7 Rcb8 1/2-1/2